000 00683cam a2200217 4500
001 WB3549-23
008 000000n1999 000 0 eng u
035 _a(Sirsi) u103123
245 _aGreen belt statistics: England 1997
260 _c1999
490 _aDETR News Release
_v(1183) 8 December 1999 (8)
520 _aFigures relating to the extent of green belt land in 1997 have been published by the DETR, showing that in 1997 green belt land accounted for around 13% of the land area of England.
590 _aWB
650 _aGREEN BELT
650 _aENGLAND
650 _aDETR
650 _aLand use
_96251
650 _aSTATISTICS
690 _aLAND
942 _n0
999 _c61974
_d61974